In for the long haul (Record no. 75523)

MARC details
000 -LEADER
fixed length control field 01054cab a2200253 4500
001 - CONTROL NUMBER
control field L130266
008 - FIXED-LENGTH DATA ELEMENTS--GENERAL INFORMATION
fixed length control field 050711n2005 000 0 eng u
035 ## - SYSTEM CONTROL NUMBER
System control number (Sirsi) u130266
041 ## - LANGUAGE CODE
Language code of text/sound track or separate title eng
100 ## - MAIN ENTRY--PERSONAL NAME
Personal name Vara, Beverley
245 ## - TITLE STATEMENT
Title In for the long haul
260 ## - PUBLICATION, DISTRIBUTION, ETC.
Date of publication, distribution, etc. 2005
490 ## - SERIES STATEMENT
Series statement Estates Gazette
Volume/sequential designation (0526) 2 July 2005, 126-127 (2)
520 ## - SUMMARY, ETC.
Summary, etc. Looks at a surveyor's duty of care and skill in relation to valuations. Examines how to avoid negligence claims and how courts perceive valuation and assess negligence. Makes reference to the Civil Procedure Rules and the Professional Negligence Pre-Action Protocol.
590 ## - LOCAL NOTE (RLIN)
Local note IKA190705
650 ## - SUBJECT ADDED ENTRY--TOPICAL TERM
Topical term or geographic name entry element MERRETT V BABB
650 ## - SUBJECT ADDED ENTRY--TOPICAL TERM
Topical term or geographic name entry element BRADFORD AND BINGLEY PLC V HAYES DUNPHY AND HAYES LTD
650 ## - SUBJECT ADDED ENTRY--TOPICAL TERM
Topical term or geographic name entry element SOUTH AUSTRALIA ASSET MANAGEMENT CORPORATION V YORK MONTAGUE LTD
650 ## - SUBJECT ADDED ENTRY--TOPICAL TERM
Topical term or geographic name entry element KEYDON ESTATES LTD V EVERSHEDS LLP
650 ## - SUBJECT ADDED ENTRY--TOPICAL TERM
Topical term or geographic name entry element UNFAIR CONTRACT TERMS ACT 1977
690 ## - LOCAL SUBJECT ADDED ENTRY--TOPICAL TERM (OCLC, RLIN)
Topical term or geographic name as entry element MANAGEMENT-BUSINESS MANAGEMENT-PROFESSIONAL PRACTICE-NEGLIGENCE
700 ## - ADDED ENTRY--PERSONAL NAME
Personal name Armstrong, Celyn
942 ## - ADDED ENTRY ELEMENTS (KOHA)
Suppress in OPAC 0
Holdings
Withdrawn status Lost status Source of classification or shelving scheme Damaged status Not for loan Home library Current library Shelving location Date acquired Total Checkouts Full call number Barcode Date last seen Copy number Price effective from Koha item type
    Dewey Decimal Classification     London London Journal article 13/07/2005   L130266 130266-1001 06/08/2019 1 06/08/2019 Journal article